|
|
|
|
| LEADER |
00000naa2a2200000 4500 |
| 001 |
228579 |
| 005 |
20231031201613.0 |
| 035 |
|
|
|a (RuTPU)RU\TPU\book\249055
|
| 035 |
|
|
|a RU\TPU\book\249049
|
| 090 |
|
|
|a 228579
|
| 100 |
|
|
|a 20121219d2008 k y0rusy50 ca
|
| 101 |
0 |
|
|a rus
|
| 102 |
|
|
|a RU
|
| 200 |
1 |
|
|a Мотивация персонала: реальные действия компаний
|f Л. С. Косачева, Р. В. Кубраков
|
| 320 |
|
|
|a Библиогр.: 2 назв.
|
| 463 |
|
0 |
|0 (RuTPU)RU\TPU\book\194420
|t Актуальные проблемы гуманитарных наук
|o сборник научных трудов, апрель 2008 г., Томск
|f Томский политехнический университет (ТПУ)
|v С. 28-30
|d 2008
|p 562 с.
|
| 610 |
1 |
|
|a мотивация
|
| 610 |
1 |
|
|a компании
|
| 700 |
|
1 |
|a Косачева
|b Л. С.
|
| 701 |
|
1 |
|a Кубраков
|b Р. В.
|
| 801 |
|
1 |
|a RU
|b 63413507
|c 20101008
|
| 801 |
|
2 |
|a RU
|b 63413507
|c 20121219
|g RCR
|
| 942 |
|
|
|c BK
|